000 00912nam a2200265 a 4500
001 10483
003 BD-RjUL
005 20211208234949.0
008 161005r20062004ii a b 001 0 eng d
020 _a8126508078
035 _a(BD-RjUL)10531
040 _aBD-RjUL
_beng
_cBD-RjUL
041 _aeng
082 0 4 _a541.37
_bBAE 2006
100 1 _aBard, Allen J.
_932385
245 1 0 _aElectrochemical methods :
_bfundamentals and applications /
_cby Allen J. Bard, Larry R. Faulkner.
250 _a2nd ed.
260 _aNew Delhi :
_bWiley India Ltd.,
_cc2004 [reprinted 2006].
300 _axxi, 833 p. :
_bill. ;
_c23cm.
500 _aAuthorised reprint of the Original English Language Edition copyright 2004 by John Wiley & Sons, Inc.
504 _aIncludes bibliographical references and index.
650 0 _aElectrochemistry.
_932386
700 1 _aFaulkner, Larry R.,
_d1944-
_932387
942 _2ddc
_cBK
999 _c10483
_d10483